| 000 | 00516nam a2200169 a 4500 | ||
|---|---|---|---|
| 001 | 000008219 | ||
| 005 | 20200929154504.0 | ||
| 008 | 090915s1989 dr a 001 0 spa d | ||
| 040 | _aDO-SdBNP | ||
| 082 |
_axxxx _bL318c |
||
| 100 | 1 |
_aLara Fernández, Carmen _922283 |
|
| 245 | 1 | 0 |
_aCómo educar a sus hijos / _cCarmen Lara Fernández ; ilustración Candido R. Guzmán. |
| 260 |
_aSanto Domingo : _bTaller, _c1989. |
||
| 300 |
_a110 p. : _bil. ; _c21 cm. |
||
| 700 | 1 |
_aGuzmán, Candido R. _eil. _922284 |
|
| 049 | _aBNPD | ||
| 999 |
_c7990 _d7990 |
||